=LDR 00000nam 2200000 4500 =001 INLIS000000000054689 =005 20200219110920 =035 ##$$a 0010-0220000251 =007 ta =008 200219###########################0#ind## =020 ##$$a 978-623-7058-11-3 =082 ##$$a 297.51 =084 ##$$a 297.51 Sol h =245 1#$$a Hidupku untuk mu, apalagi matiku /$c Solikhin abu Izzuddin =300 ##$$a 232 halaman : $b Ilustrasi ; $c 19 Cm. =650 #4$$a Akhlak =700 #$$a Penyunting : Irin Hidayat =264 ##$$a Yogyakarta :$b Pro-U-Media,$c 2019 =336 ##$$a teks$2 rdacontent =337 ##$$a lain-lain$2 rdamedia =338 ##$$a lain-lain$2 rdacarrier =990 ##$$a 11751175 =990 ##$$a 11751175